Introducción al análisis de la imágen /
Guardado en:
| Autor Principal: | |
|---|---|
| Formato: | Libro |
| Publicado: |
Buenos Aires :
La Marca,
1999
|
| Series: | Biblioteca de la mirada1
|
| Etiquetas: |
Agregar Etiqueta
Sin Etiquetas, Sea el primero en etiquetar este registro!
|
| LEADER | 00465nam a22001575a 4500 | ||
|---|---|---|---|
| 001 | CEM.cems011517 | ||
| 005 | 20060214000000.0 | ||
| 008 | 130507s1999##################000#0#####d | ||
| 003 | CEMS | ||
| 082 | 0 | 4 | |a 371.33 |
| 100 | 1 | |a Joly, Martine | |
| 245 | 1 | 0 | |a Introducción al análisis de la imágen / |c Martine Joly |
| 260 | |a Buenos Aires : |b La Marca, |c 1999 | ||
| 300 | |a 169 p. | ||
| 490 | 0 | |a Biblioteca de la mirada1 | |
| 859 | |a CEMS |b BIB. CEMS - 11 de abril |h 371.33 |i J70 |p 22474.04 |t Ej.1 | ||
